Dr. S. R. Lasker Library Online Catalogue

Home      Library Home      Institutional Repository      E-Resources      MyAthens      EWU Home

Language and linguistics : (Record no. 3258)

MARC details
000 -LEADER
fixed length control field 01563cam a2200385 a 4500
001 - CONTROL NUMBER
EWU control number 3258
003 - CONTROL NUMBER IDENTIFIER
control field BD-DhEWU
005 - DATE AND TIME OF LATEST TRANSACTION
control field 20230418104036.0
008 - FIXED-LENGTH DATA ELEMENTS--GENERAL INFORMATION
fixed length control field 030717s1981 enka g b 001 0 eng d
020 ## - INTERNATIONAL STANDARD BOOK NUMBER
International Standard Book Number 0521230349
International Standard Book Number 9780521230346
International Standard Book Number 0521297753 (pbk.)
International Standard Book Number 9780521297752
035 ## - SYSTEM CONTROL NUMBER
OCLC control number (OCoLC)7565470
040 ## - CATALOGING SOURCE
Original cataloging agency DLC
Transcribing agency DLC
Modifying agency DLC
-- BD-DhEWU
Language of cataloging eng
041 ## - LANGUAGE CODE
Language code of text/sound track or separate title eng
050 00 - LIBRARY OF CONGRESS CALL NUMBER
Classification number P121
Item number .L9 1981
082 00 - DEWEY DECIMAL CLASSIFICATION NUMBER
Classification number 410
Author mark and Year LYL 1981
100 1# - MAIN ENTRY--PERSONAL NAME
Personal name Lyons, John,
9 (RLIN) 6121
245 10 - TITLE STATEMENT
Title Language and linguistics :
Remainder of title an introduction /
Statement of responsibility, etc John Lyons.
260 ## - PUBLICATION, DISTRIBUTION, ETC. (IMPRINT)
Place of publication, distribution, etc Cambridge [Cambridgeshire] ;
-- New York :
Name of publisher, distributor, etc Cambridge University Press,
Date of publication, distribution, etc c1981.
300 ## - PHYSICAL DESCRIPTION
Extent xi, 356 p. :
Other physical details ill. ;
Dimensions 22 cm.
500 ## - GENERAL NOTE
General note Includes index.
504 ## - BIBLIOGRAPHY, ETC. NOTE
Bibliography, etc Bibliography: p. [333]-350.
505 ## - FORMATTED CONTENTS NOTE
Title Table of contents
Contents note Language --<br/>Linguistics --<br/>The sounds of language --<br/>Grammar --<br/>Semantics --<br/>Language-change --<br/>Some modern schools and movements --<br/>Language and mind --<br/>Language and society --<br/>Language and culture.
526 ## - STUDY PROGRAM INFORMATION NOTE
Program name English
650 #0 - SUBJECT ADDED ENTRY--TOPICAL TERM
Topical term or geographic name Linguistics.
9 (RLIN) 7674
Topical term or geographic name Language and languages.
9 (RLIN) 7675
856 41 - ELECTRONIC LOCATION AND ACCESS
Materials Specified Table of contents
Uniform Resource Identifier http://www.loc.gov/catdir/toc/cam023/80042002.html
Materials Specified Publisher description
Uniform Resource Identifier http://www.loc.gov/catdir/description/cam022/80042002.html
Materials Specified WorldCat details
Uniform Resource Identifier http://www.worldcat.org/title/language-and-linguistics-an-introduction/oclc/7565470&referer=brief_results
Materials Specified Ebook Fulltext
Uniform Resource Identifier http://lib.ewubd.edu/ebook/3258
942 ## - ADDED ENTRY ELEMENTS (KOHA)
Source of classification or shelving scheme Dewey Decimal Classification
Koha item type Text
Koha issues (borrowed), all copies 14
Holdings
Lost status Source of classification or shelving scheme Not for loan Collection code Home library Current library Shelving location Date of accession Source of acquisition Cost, normal purchase price Total Checkouts Full call number Barcode Copy number Koha item type Total Renewals Date last seen Date checked out Price effective from
  Dewey Decimal Classification   Non-fiction Dr. S. R. Lasker Library, EWU Dr. S. R. Lasker Library, EWU Circulation Section 17/07/2003 Karim International 375.00   410 LYL 1981 12205 C-2 Text        
  Dewey Decimal Classification     Dr. S. R. Lasker Library, EWU Dr. S. R. Lasker Library, EWU   20/01/2007 Friends Book Corner 372.00   410 LYL 3357-19521 C-4 Text        
  Dewey Decimal Classification Not For Loan Non-fiction Dr. S. R. Lasker Library, EWU Dr. S. R. Lasker Library, EWU Reserve Section 17/07/2003 Karim International 375.00   410 LYL 1981 12204 C-1 Text        
  Dewey Decimal Classification   Non-fiction Dr. S. R. Lasker Library, EWU Dr. S. R. Lasker Library, EWU Circulation Section 17/07/2003 Karim International 375.00 9 410 LYL 1981 12206 C-3 Text 1 03/04/2024 27/03/2024  
  Dewey Decimal Classification   Non-fiction Dr. S. R. Lasker Library, EWU Dr. S. R. Lasker Library, EWU Circulation Section 23/08/2006 Friends Book Corner 387.00 21 410 LYL 1981 18654 C- 7 Text 2 24/07/2019 18/07/2019  
  Dewey Decimal Classification   Non-fiction Dr. S. R. Lasker Library, EWU Dr. S. R. Lasker Library, EWU E-book 14/01/2018       410 LYL 1981     E-Book   14/01/2018   14/01/2018